| 000 | 00924cam a2200265 a 4500 | ||
|---|---|---|---|
| 999 |
_c126331 _d126331 |
||
| 001 | 4240288 | ||
| 003 | ARRUPE | ||
| 005 | 20170322113917.0 | ||
| 008 | 830711s1980 rh 000 0 eng | ||
| 010 | _a 82981033 | ||
| 040 |
_aDLC _cDLC _dDLC |
||
| 043 | _af-rh--- | ||
| 050 | 0 | 0 |
_aDT1 _b.C4 no. 36 _aHD992 |
| 082 | 0 | 0 |
_a333.3/1/6891 _219 |
| 100 | 1 |
_aStigger, P. _929523 |
|
| 245 | 1 | 4 |
_aThe Land Commission of 1894 and the land / _cP. Stigger. |
| 260 |
_aSalisbury : _bHistorical Association of Zimbabwe, _cc1980. |
||
| 300 |
_a39 p. ; _c25 cm. |
||
| 490 | 1 |
_aLocal series / The Historical Association of Zimbabwe ; _v36 |
|
| 610 | 1 | 0 |
_aSouthern Rhodesia. _bLand Commission of 1894 _xHistory. _929524 |
| 650 | 0 |
_aLand war _zZimbabwe _xHistory. _929525 |
|
| 650 | 0 |
_aLand settlement _zZimbabwe _xHistory. _929526 |
|
| 830 | 0 |
_aLocal series pamphlet ; _v36. _929527 |
|
| 906 |
_a7 _bcbc _corignew _d3 _encip _f19 _gy-gencatlg |
||
| 942 |
_2lcc _cMONOGRAPH |
||